Countries Closest to Brazil A-Z - Statistics

General Stats
  • This quiz has been taken 5,909 times
    5,552 since last reset
  • The average score is 21 of 25
Answer Stats
Country % Correct
A Argentina
98%
C Colombia
96%
B Bolivia
95%
P 1 Paraguay
94%
U Uruguay
94%
V Venezuela
93%
E Ecuador
91%
G Guyana
91%
P 2 Peru
91%
Y Yemen
91%
Q Qatar
90%
Z Zambia
90%
H Haiti
88%
J Jamaica
88%
O Oman
88%
S Suriname
87%
D Dominica
86%
F France
86%
N Nicaragua
81%
T Trinidad & Tobago
78%
M Mexico
77%
K Kenya
58%
I Ireland
53%
L Liberia
52%
R Rep. of Congo
29%
No matching quizzes found
Score Distribution
Percent of People with Each Score
Percentile by Number Answered
Your Score History
You have not taken this quiz since the last reset